Normal view
MARC view
- Highway departments
Entry Topical Term
001 - CONTROL NUMBER
- control field: 22668
003 - CONTROL NUMBER IDENTIFIER
- control field: NUST
005 - DATE AND TIME OF LATEST TRANSACTION
- control field: 20191003124304.0
008 - FIXED-LENGTH DATA ELEMENTS
- fixed length control field: 191003|| aca||aabn | a|a d
040 ## - CATALOGING SOURCE
- Original cataloging agency: NUST
- Transcribing agency: NUST
150 ## - HEADING--TOPICAL TERM
- Topical term or geographic name entry element: Highway departments
- General subdivision: Employees
- General subdivision: Recruiting
- Geographic subdivision: United States.
670 ## - SOURCE DATA FOUND
- Source citation: Work cat.: (NUST)0: Recruiting and retaining individuals in state transportation agencies :, 2003.
